000 00291nam a2200109Ia 4500
008 210430s9999 xx 000 0 und d
082 _a342.73 H931S
100 _aSamuel P. Huntington
_927555
245 4 _aThe Soldier and The State
_cSamuel P. Huntington
300 _a534
942 _cBK
_2ddc
999 _c565280
_d565280